[Event "Petroupoli op 5th"]
[Site "Petroupoli"]
[Date "2012.09.12"]
[Round "2"]
[White "Stavropoulos, Konstantinos"]
[Black "Kokkota, Fotini"]
[Result "0-1"]
[WhiteElo "1535"]
[BlackElo "1333"]
[PlyCount "76"]
[EventDate "2012.09.08"]
[EventType "swiss"]
[EventRounds "7"]
[EventCountry "GRE"]
[SourceTitle "CBM 150 Extra"]
[Source "ChessBase"]
[SourceDate "2012.10.19"]
[SourceVersion "1"]
[SourceVersionDate "2012.10.19"]
[SourceQuality "1"]

1. e4 e5 2. Nf3 Nc6 3. Bb5 a6 4. Ba4 Nf6 5. Nc3 b5 6. Bb3 Be7 7. 0-0 0-0 8. a3 d6 9. d4 Bg4 10. dxe5 Nxe5 11. Bf4 Nxf3+ 12. gxf3 Bh3 13. Re1 Nh5 14. Bg3 Bh4 15. f4 Nxg3 16. fxg3 Bf6 17. Rb1 c6 18. Qf3 Qb6+ 19. Kh1 h5 20. Qxh5 Bxc3 21. bxc3 Bd7 22. Rbd1 c5 23. Qd5 Bc6 24. Qh5 c4 25. Ba2 Rfe8 26. Rd4 Qb7 27. Kg1 Bxe4 28. Kf2 Bh1 29. Rxh1 Qxh1 30. a4 Qe1+ 31. Kg2 Re2+ 32. Kh3 Rxc2 33. Qf3 Re8 34. Rd1 Qe6+ 35. f5 Qh6+ 36. Kg4 Rxa2 37. Qc6 Rae2 38. Qxa6 R8e4+ 0-1